000 01529cam a2200145 4500500
005 20251109001925.0
041 _afre
042 _adc
100 1 0 _aLambert, Nicolas
_eauthor
700 1 0 _aZanin, Christine
_eauthor
245 0 0 _aManuel de cartographie : Principes, méthodes, applications
260 _bArmand Colin,
_c2025.
520 _aCe manuel de cartographie tout en couleurs propose l’ensemble des outils et méthodes nécessaires pour concevoir, comprendre et interpréter des cartes.Quels fonds de cartes choisir ? Comment traiter les différents types de données ? Comment les traduire en langage cartographique ? Quelles variables visuelles (taille, forme, texture, couleur, etc.) utiliser, et pour quels effets ?Dans une approche plus critique, il permet également d’aller plus loin dans la conception cartographique, en présentant des méthodes innovantes et en détaillant les procédés de «mise en scène». À la fin de chaque partie, un exercice de mise en pratique des notions abordées, présenté sous la forme d’un jeu, permettra de réaliser une carte finalisée.Avec plus de 120 figures inédites, de nombreux encadrés, définitions et compléments pédagogiques, cet ouvrage constitue une véritable initiation à la cartographie, perçue à la fois comme art de représenter le monde et arme de combat pour le décrypter.
856 4 1 _uhttps://shs.cairn.info/manuel-de-cartographie-2ed--9782200639358?lang=fr&redirect-ssocas=7080
999 _c1561484
_d1561484